000
00391nam a2200157Ia 4500
008
220531s9999 xx 000 0 und d
041
_a
mar
100
_a
दामले निळू
_9
54872
245
_a
धर्मवादळ
260
_b
Samkalin
_c
1987
300
_a
165
542
_d
18-03-2009
650
_a
General
_9
54873
906
_d
2008-2009
999
_c
31735
_d
31735